书目信息 |
| 题名: |
大学基础英语读写教程
|
|
| 作者: | 吴松江 主编 | |
| 分册: | 4 | |
| 出版信息: | 北京 高等教育出版社 2001 |
|
| 页数: | 323页 | |
| 开本: | 26cm | |
| 丛书名: | ||
| 单 册: | ||
| 中图分类: | H31 | |
| 科图分类: | ||
| 主题词: | 英语 | |
| 电子资源: | ||
| ISBN: | 7-04-008776-6 | |
| 000 | 00564nam0 2200193 450 | |
| 001 | 0758275181 | |
| 005 | 20070806104122.35 | |
| 010 | @a7-04-008776-6@dCNY17.90 | |
| 100 | @a20070805d2001 km y0chiy0120 ea | |
| 101 | 0 | @achi |
| 102 | @aCN@b110000 | |
| 200 | 1 | @a大学基础英语读写教程@Ada xue ji chu ying yu du xie jiao cheng@h4@f吴松江主编@Fwu song jiang zhu bian |
| 210 | @a北京@c高等教育出版社@d2001 | |
| 215 | @a323页@d26cm | |
| 606 | 0 | @a英语 |
| 690 | @aH31@v3 | |
| 701 | 0 | @a吴松江@Awu song jiang@4主编 |
| 801 | 0 | @aCN@bPFT@c20070806 |
| 905 | @a10447@dH31@e1409:4 | |
| 大学基础英语读写教程.4/吴松江主编.-北京:高等教育出版社,2001 |
| 323页;26cm |
| ISBN 7-04-008776-6:CNY17.90 |
| ● |
| 相关链接 |
|
|
|
|
正题名:大学基础英语读写教程
索取号:H31/1409:4
 
预约/预借
| 序号 | 登录号 | 条形码 | 馆藏地/架位号 | 状态 | 备注 |
| 1 | 0791810 | 207918100 | 第二样本阅览室/ [索取号:H31/1409:4] | 在馆 |